header

Mi'kmaq landscapes (Record no. 38216)

MARC details
000 -LEADER
fixed length control field 01617nam a2200397 a 4500
082 04 - DEWEY DECIMAL CLASSIFICATION NUMBER
Classification number 971.5
100 1# - MAIN ENTRY--AUTHOR NAME
Personal name Hornborg, Anne-Christine.
245 10 - TITLE STATEMENT
Title Mi'kmaq landscapes
260 ## - PUBLICATION, DISTRIBUTION, ETC. (IMPRINT)
Place of publication Aldershot, Hants, England ;
-- Burlington, Vt. :
Name of publisher Ashgate,
Year of publication c2007.
300 ## - PHYSICAL DESCRIPTION
Number of Pages 202 p. :
Other physical details ill., maps.
490 1# - SERIES STATEMENT
Series statement Vitality of indigenous religions
650 #0 - SUBJECT ADDED ENTRY--TOPICAL TERM
Topical Term Micmac Indians
Topical Term Micmac Indians
Topical Term Micmac Indians
Topical Term Indigenous peoples
856 40 - ELECTRONIC LOCATION AND ACCESS
Uniform Resource Identifier http://site.ebrary.com/lib/rucke/Doc?id=10234638

No items available.

© 2026 Rongo University
Contact us: librarian | system librarian | Rongo university